រឿងទុំទាវ / (Record no. 6301)

MARC details
000 -LEADER
fixed length control field 03164nam a22002417a 4500
001 - CONTROL NUMBER
control field 6301
003 - CONTROL NUMBER IDENTIFIER
control field FISKH
005 - DATE AND TIME OF LATEST TRANSACTION
control field 20250409163759.0
008 - FIXED-LENGTH DATA ELEMENTS--GENERAL INFORMATION
fixed length control field 250409b cb ||||| |||| 00| 0 eng d
040 ## - CATALOGING SOURCE
Original cataloging agency FISKH
Language of cataloging khr
Transcribing agency FISKH
Modifying agency FISKH
050 ## - LIBRARY OF CONGRESS CALL NUMBER
Classification number PZ7
082 ## - DEWEY DECIMAL CLASSIFICATION NUMBER
Classification number 808.543
100 ## - MAIN ENTRY--PERSONAL NAME
Personal name Sorm
245 ## - TITLE STATEMENT
Title រឿងទុំទាវ /
Statement of responsibility, etc. ព្រះបទុមត្ថេរ សោម
260 ## - PUBLICATION, DISTRIBUTION, ETC.
Place of publication, distribution, etc. ភ្នំពេញ :
Name of publisher, distributor, etc. គ្រឹះស្ថានបោះពុម្ព និងចែកផ្សាយ​នៃក្រសួងអប់រំ យុវជន និងកីឡា,
Date of publication, distribution, etc. 2005.
300 ## - PHYSICAL DESCRIPTION
Extent 52 pages :
Other physical details illustrations ;
Dimensions 20 cm .
520 ## - SUMMARY, ETC.
Summary, etc. ទុំជាកូនប្រុសរបស់ស្រ្តីម៉េម៉ាយម្នាក់នៅស្រុកបាភ្នំ បានបួសរៀនជាមួយមិត្តម្នាក់ឈ្មោះពេជ្រនៅវត្តវិហារធំ។ ទុំមានរូបរាងស្អាត មានចំណេះដឹងព្រមទាំងអាចស្មូតបានពិរោះថែមទៀត។ ថ្ងៃមួយទុំបានសុំលោកគ្រូចៅអធិការវត្តទៅចុះតាមភូមិដើម្បីលក់តោក។ ទុំស្មូតយ៉ាងពិរោះដើម្បីលក់តោកដាច់។ នាងនោដែលជាភិលៀងរបស់ទាវ លឺហើយមានការចាប់ចិត្តប្រតិព័ទ្ធជាខ្លាំង តែមិនហ៊ានគិតអីផ្ដេសផ្ដាសព្រោះឋានៈមិនដល់ក៏យកពត៍មាននេះទៅប្រាប់ទាវនិងម្ដាយទាវអោយនិមន្តទុំមកស្មូតនៅឯផ្ទះទាវ។ នាងទាវដែលស្ថិតនៅក្នុងពេលចូលម្លប់បានស្ដាប់លឺសម្លេងរបស់ទុំស្មូតហើយក៏ធ្លាក់ក្នុងអន្លង់ស្នេហ៍របស់ទុំ។​ចំណែកទុំក៏មិនខុសពីទាវដែរ គឺមានចិត្តប្រតិព័ទ្ធបាក់ចិត្តយ៉ាងខ្លាំងទៅលើរូបសម្រស់របស់ទាវ។
520 ## - SUMMARY, ETC.
Summary, etc. Tum, the son of a widow in Ba Phnom district, studied with a friend named Pich at Wat Vihear Thom. Ripe, beautiful, knowledgeable and can be smoother. One day, Tum asked the pagoda's chief priest to go down to the village to sell the tok.​ Tum smot beautifully to sell. Neang No, who is Teav's party, heard this and was very interested in it, but did not dare to think anything silly because her status was not up to it. Teav, who was in the shade, heard Tum Smot's voice and fell in love with Tum.
650 ## - SUBJECT ADDED ENTRY--TOPICAL TERM
Topical term or geographic name entry element ទុំទាវ​
Form subdivision អក្សរសិល្ប៏ខ្មែរ
650 ## - SUBJECT ADDED ENTRY--TOPICAL TERM
Topical term or geographic name entry element Tum Teav
Form subdivision Khmer Literature
942 ## - ADDED ENTRY ELEMENTS (KOHA)
Source of classification or shelving scheme Dewey Decimal Classification
Koha item type Books
Suppress in OPAC No
Holdings
Withdrawn status Lost status Source of classification or shelving scheme Damaged status Not for loan Collection Home library Current library Shelving location Date acquired Total Checkouts Full call number Barcode Date last seen Copy number Price effective from Koha item type Date last checked out
    Dewey Decimal Classification     Khmer Language Books / សៀវភៅភាសាខ្មែរ Footprints International School Library Network Toul Tom Poung Campus Footprints International School Library Network Toul Tom Poung Campus TTP Secondary Khmer Bookshelves 04/09/2025   SOR PZ7 808.543 FISSE02367 04/09/2025 1 04/09/2025 Books  
    Dewey Decimal Classification     Khmer Language Books / សៀវភៅភាសាខ្មែរ Footprints International School Library Network Toul Tom Poung Campus Footprints International School Library Network Toul Tom Poung Campus TTP Secondary Khmer Bookshelves 04/09/2025 1 SOR PZ7 808.543 FISSE02227 10/07/2025 2 04/09/2025 Books 10/07/2025